00437 2200181 4500001002100000005001500021008004100036020001800077035001900095041000700114082001000121090001600131100001800147245001600165260003300181300002100214650002000235INLIS00000000001353520241224114556241224||||||||| | ||| |||| || |  a979-757-353-2 0010-1224013535 aid0 a613.7 a613.7 JEN j0 aJenny Gichara00aJALAN SEHAT aJakartabKawan Pustakac2009 aviii+152hlm;16cm 0aIlmu Kedokteran